000 00273 a2200121 4500
001 79401
020 _a9780393099683
082 _a809 MEL
090 _c39595
_d39595
100 _aMelville, H.
245 _aConfidence-Man his masquerade
260 _bW.W.Norton & Company
942 _aNUST-CAE
_k809 MEL
999 _c314474
_d314474